Normal view
MARC view
Entry Topical Term
001 - CONTROL NUMBER
- control field: 39233
003 - CONTROL NUMBER IDENTIFIER
- control field: OSt
005 - DATE AND TIME OF LATEST TRANSACTION
- control field: 20250716022613.0
008 - FIXED-LENGTH DATA ELEMENTS
- fixed length control field: 250716|| aca||aabn | a|a d
040 ## - CATALOGING SOURCE
- Original cataloging agency: OSt
- Transcribing agency: OSt
150 ## - HEADING--TOPICAL TERM
- Topical term or geographic name entry element: Behavious modification
670 ## - SOURCE DATA FOUND
- Source citation: Work cat.: (OSt)12420: Carr, Allen 6480, The easy way to stop smoking /, 2004.